Going some place

保存先:
書誌詳細
第一著者: Lynne Van Luven
フォーマット: 図書
言語:Undetermined
出版事項: Regina Coteau Books 2000
主題:
タグ: タグ追加
タグなし, このレコードへの初めてのタグを付けませんか!
Thư viện lưu trữ: Trung tâm Học liệu Trường Đại học Cần Thơ
LEADER 00451nam a2200169Ia 4500
001 CTU_56126
008 210402s9999 xx 000 0 und d
082 |a 818.54008 
082 |b L976 
100 |a Lynne Van Luven 
245 0 |a Going some place 
245 0 |c Lynne Van Luven 
260 |a Regina 
260 |b Coteau Books 
260 |c 2000 
650 |a American Liturature - collections 
980 |a Trung tâm Học liệu Trường Đại học Cần Thơ